Tecnología Mecanica vol.4/centro regional de ayuda técnica (Registro nro. 21895)

Detalles MARC
000 -LÍDER
fixed length control field 00430nam a2200145 4500
008 - ELEMENTOS DE LONGITUD FIJA -- INFORMACIÓN GENERAL
fixed length control field 0 1968 0a 000 0mex
050 ## - SIGNATURA TOPOGRAFICA DE LA BIBLIOTECA DEL CONGRESO (LC)
Número de Clasificación TJ1160 D42
082 ## - NUMERO DE CLASIFICACION DECIMAL DEWEY
Número de Clasificación 621.7 D359t
100 ## - ASIENTO PRINCIPAL--NOMBRE PERSONAL
Nombre personal De ayuda técnica centro regional
245 ## - TÍTULO
Título Tecnología Mecanica vol.4/centro regional de ayuda técnica
260 ## - PUBLICACIÓN, DISTRIBUCIÓN, ETC. (PIE DE IMPRENTA)
Lugar de publicación, distribución, etc. México:Reverte
300 ## - DESCRIPCIÓN FÍSICA
Extensión 245p./23cm.
500 ## - NOTA GENERAL
Nota general Incluye Apendice.
650 ## - ASIENTO SECUNDARIO DE MATERIA - TERMINO TEMÁTICO
Término temático o nombre geográfico como elemento de entrada 1.TECNOLOGIA 2.MECANICA
Existencias
No. biblioteca No. biblioteca Número de clasificación Código de barras/Número de adquisición Número de copia Tipo de material
LUIS G. INCLAN LUIS G. INCLAN 621.7 D359t 9816 4002 Libros
Calzada Tecnológico # 27, Zacatepec, Morelos.
01(734) 343-07-23 / 343-21-10 / 343-21-11
Apdo. Postal 45 C.P 62780